000 00337pab a2200145 454500
008 180718b2006 xxu||||| |||| 00| 0 eng d
100 _aOjha, Rabindra Nath
245 _aNational rural health mission
260 _c2006
300 _ap.29-31.
362 _aJun
650 _aHealth services
773 _aKurukshetra
909 _a70077
999 _c70077
_d70077